000 00621nam a2200253Ia 4500
003 OSt
005 20220912152050.0
006 a|||||r|||| 00| 0
007 ta
008 220909b |||||||| |||| 00| 0 eng d
024 _a59902
037 _cTextual
040 _aCSL
_beng
_cCSL
041 _aeng
082 _aD5354, J5 CS
100 _aLiptrot Captain R N
245 0 _aRotocraft
260 _c1955
300 _ap.
_ccm.
650 _aRotocraft
700 _a Woods J D
942 _hD5354, J5 CS
_cTEXL
_2CC
999 _c80529
_d80529